Города по Фото — А - Statistics

General Stats
  • This quiz has been taken 51 times
  • The average score is 7 of 18
Answer Stats
Picture Answer % Correct
Афины
89%
Астана
86%
Амстердам
83%
Анкара
61%
Ашхабад
56%
Астрахань
47%
Абу-Даби
36%
Архангельск
33%
Агра
31%
Антверпен
28%
Алеппо
25%
Атланта
19%
Анкоридж
14%
Александрия
11%
Алжир
11%
Авиньон
8%
Антананариву
8%
Арекипа
3%
No matching quizzes found
Score Distribution
Percent of People with Each Score
Percentile by Number Answered
Your Score History
You have not taken this quiz